Hidden Foods (Picture Click Quiz) Stats

 Plays Quiz not verified by Sporcle

Score 0/20 Timer 02:00
0 Plays Today
% Correct
Potatoes
92.4%
Watermelon
92.2%
Cake Roll
92%
Eggplant
92%
Pie
91.7%
Pepper
90.2%
Greens
89.9%
Broccoli
89.6%
Ham
89.3%
Oven Mitt
88.3%
% Correct
Coffee
87.2%
Gravy Boat
83.9%
Turkey
83.5%
Cake
83.4%
Eggs
81.1%
Beer
78.5%
Pea Pod
77.7%
Corn
77.4%
Garlic
75.9%
Turnip
71%

You're not logged in!

Compare scores with friends on all Sporcle quizzes.
OR
Log In

Show Comments

Extras

Top Quizzes Today


Score Distribution

Your Account Isn't Verified!

In order to create a playlist on Sporcle, you need to verify the email address you used during registration. Go to your Sporcle Settings to finish the process.

Report this User

Report this user for behavior that violates our Community Guidelines.

Details: